La muerte de Philae /
Guardado en:
| Autor principal: | |
|---|---|
| Formato: | Libro |
| Idioma: | Español |
| Publicado: |
París, Francia :
Cervantes,
1931, c1931
|
| Colección: | (Obras de Pierre Loti)
|
| Temas: | |
| Etiquetas: |
Sin etiquetas, Sé el primero en etiquetar este registro!
|
MARC
| LEADER | 00000nam^a2200000^a^4500 | ||
|---|---|---|---|
| 001 | 000360092 | ||
| 005 | 20250521000000.0 | ||
| 008 | 080918 19311931 | ||
| 009 | 20260310115414.377 | ||
| 037 | |a Acervo Xavier Clavigero | ||
| 041 | |a ESP | ||
| 082 | |a 843. |b LOT | ||
| 100 | |a Loti, Pierre |e (autor) | ||
| 245 | 1 | 3 | |a La muerte de Philae / |c P. Loti ; tr. por Pedro Simón Pineda. |
| 264 | 4 | |a París, Francia : |b Cervantes, |c 1931, c1931 | |
| 300 | |a 293 p. | ||
| 336 | |a texto |b txt |2 rdacontenido | ||
| 337 | |a sin mediación |b n |2 rdamedio | ||
| 338 | |a volumen |b nc |2 rdasoporte | ||
| 440 | 1 | |a (Obras de Pierre Loti) | |
| 500 | |a Traducción de: La mort de Philae | ||
| 545 | 0 | |a Louis-Marie-Julien Viaud (Rochefort, 1850 - Hendaya, 1923), más conocido por el seudónimo de Pierre Loti, fue uno de los escritores franceses más populares de su época, debido en parte al exotismo de sus escenarios de inspiración oriental. Su vida como marino le permitió conocer lugares que entonces resultaban remotos y exóticos, experiencias que luego se reflejarían en sus obras, de estética claramente romántica y orientalista. Loti fue muy celebrado tanto por sus novelas como por sus libros y descripciones de viajes, entre los que se cuentan Aziyadé, Las bodas de Loti, Peregrino en Angkor, Las desencantadas, La India, Mi hermano Yves, Pescador de Islandia, Madame Crisantemo, La India, Ramuntcho y Turquía agonizante. Fue miembro de la Academia Francesa. | |
| 649 | |a XX | ||
| 650 | |a Escritores Franceses - |x Memorias | ||
| 650 | |a Memorias Francesas | ||
| 650 | |a Libros de Viajes Franceses | ||
| 650 | |a Libros de Viajes - |z Egipto | ||
| 650 | |a Romanticismo (Literatura) - |z Francia | ||
| 650 | |a Literatura Francesa - |y Siglo XX | ||
| 650 | |a Literatura Autobiográfica - |z Francia | ||
| 650 | |a Egipto - |x Descripción - |x Tema Principal | ||
| 650 | |a Egipto - |x Historia | ||
| 600 | |a Loti, Pierre | ||
| 910 | |a Fondo General | ||
| 920 | |a Impresos - Libros | ||
| 930 | |a Colección General | ||
| 940 | |a Literatura | ||
| 905 | |a 101 | ||
| 901 | |a 057683 |b IT1 |c LIT |u 20250521 | ||
| 902 | |a https://opac.biblio.iteso.mx/vufind/Record/000360092 | ||